书目信息 |
| 题名: |
商用空间
|
|
| 作者: | 中国计划出版社 , 贝思出版有限公司 编 | |
| 分册: | ||
| 出版信息: | 北京 中国计划出版社 |
|
| 页数: | 192页 | |
| 开本: | 16开 | |
| 丛书名: | ||
| 单 册: | ||
| 中图分类: | TU247.2 | |
| 科图分类: | ||
| 主题词: | 民用建筑--建筑设计 | |
| 电子资源: | ||
| ISBN: | 7-80058-636-7 | |
| 000 | 00649nam0 2200205 45 | |
| 001 | 0009231055 | |
| 005 | 20010317155646.9 | |
| 010 | @a7-80058-636-7@d160.00元 | |
| 100 | @a20000923d km y0chiy0120 ea | |
| 101 | 0 | @achi |
| 105 | @a z 000yy | |
| 200 | 1 | @a商用空间@AShang Yong Kong Jian@f中国计划出版社,贝思出版有限公司编@FZhong Guo Ji Hua Chu Ban She,Bei Si Chu Ban You XianGong Si Bian |
| 210 | @a北京@c中国计划出版社 | |
| 215 | @a192页@d16开 | |
| 606 | 0 | @a民用建筑@x建筑设计 |
| 690 | @aTU247.2@v3 | |
| 701 | 0 | @a中国计划出版社@4编 |
| 701 | 0 | @a贝思出版有限公司@4编 |
| 801 | @aCN@bPftUser@c20000923 | |
| 905 | @dTU247.2@eZH:345@b330056@f1 | |
| 商用空间/中国计划出版社,贝思出版有限公司编.-北京:中国计划出版社 |
| 192页;16开 |
| ISBN 7-80058-636-7:160.00元 |
| ● |
| 相关链接 |
|
|
|
正题名:商用空间
索取号:TU247.2/ZH:345
 
预约/预借
| 序号 | 登录号 | 条形码 | 馆藏地/架位号 | 状态 | 备注 |
| 1 | 330056 | 203300560 | 建筑库101/101建筑库 69排2列2层/ [索取号:TU247.2/ZH:345] | 在馆 |